| 000 | 00487nam a2200169 i 4500 | ||
|---|---|---|---|
| 001 | 63214 | ||
| 003 | ES-MaACL | ||
| 005 | 20230906164817.0 | ||
| 007 | t| | ||
| 008 | 031202s1948 it ||||1| ita d | ||
| 100 | 1 |
_aFerrara, Luigi. _950296 |
|
| 245 | 1 | 0 |
_aDiritto privato attuale / _cLuigi Ferrara. |
| 250 | _a2da ed., riv. e amp. | ||
| 260 |
_aTorino : _b[s.n., _c1948] ( _fUnione Tipográfico-Elitrice Torinese) |
||
| 300 |
_a808 p. ; _c22 cm. |
||
| 852 |
_aES-MaACL _jB-2230 _bR.27187 |
||
| 999 |
_c63214 _d63214 |
||